MANAGING INNOVATION AND NEW PRODUCT DEVELOPMENT CONCEPTS AND CASES (Record no. 9429)

MARC details
000 -LEADER
fixed length control field 00486nam a22001457a 4500
003 - CONTROL NUMBER IDENTIFIER
control field SGT
082 ## - DEWEY DECIMAL CLASSIFICATION NUMBER
Classification number 658.514
100 ## - MAIN ENTRY--PERSONAL NAME
Personal name MUKESH CHATURVEDI
245 ## - TITLE STATEMENT
Title MANAGING INNOVATION AND NEW PRODUCT DEVELOPMENT CONCEPTS AND CASES
260 ## - PUBLICATION, DISTRIBUTION, ETC. (IMPRINT)
Place of publication, distribution, etc NEW DELHI
Name of publisher, distributor, etc PHI LEARNING PRIVATE LIMITED
Year of Publication 2009
300 ## - PAGE DESCRIPTION
No. of Pages 271
650 ## - SUBJECT ADDED ENTRY--TOPICAL TERM
Topical term or geographic name as entry element MANAGEMENT OF PRODUCTION ( USE OF TECHNOLOGY)
653 ## - KEYWORDS--INDEX TERM
Keyword term MANAGING INNOVATIONS AN OVERVIEW, ORGANIZING FOR NEW PRODUCT DEVELOPMENT,PRODUCT LAUNCH
942 ## - ADDED ENTRY ELEMENTS (KOHA)
Source of classification or shelving scheme Dewey Decimal Classification
Koha item type FCM Books
Holdings
Withdrawn status Lost status Source of classification or shelving scheme Damaged status Not for loan Collection code Home library Current library Shelving location Date acquired Vendor Name Cost, normal purchase price SGTU Full call number Accession No. (Barcode) Date last seen Bill Date Koha item type
    Dewey Decimal Classification   Not For Loan COMMERCE MANAGEMENT SGT Science & Social Sciences Library SGT Science & Social Sciences Library Reference Book 02/07/2016 GIFT 275.00 SGTU 658.514 CM1251 02/07/2016 02/07/2016 FCM Books